[Event "ODJM B 2016"]
[Site "Willingen GER"]
[Date "2016.05.15"]
[Round "2"]
[White "Frank, Marek"]
[Black "Reyher, Susan"]
[Result "1/2-1/2"]
[Termination "normal"]
[Board "1"]
[WhiteElo "1386"]
[BlackElo "1761"]
[PlyCount "80"]
[WhiteFideId "16239520"]
[BlackFideId "24686107"]
[EventCountry "GER"]
[EventRounds "9"]
[EventType "swiss"]
[EventDate "2016.05.14"]

1. e4 e5 2. Nf3 Nc6 3. Bc4 Bc5 4. c3 Nf6 5. d4 exd4 6. cxd4 Bb4+ 7. Nc3 Nxe4 8.
O-O Bxc3 9. d5 O-O 10. bxc3 Ne7 11. Re1 Nf6 12. d6 cxd6 13. Qxd6 Ng6 14. Ba3 h6
15. Ne5 Nxe5 16. Rxe5 Re8 17. Rae1 Rxe5 18. Rxe5 Nh7 19. Re7 Ng5 20. Bc1 Ne6
21. Bxe6 fxe6 22. Rxe6 Qf8 23. Qxf8+ Kxf8 24. Ba3+ Kf7 25. Re7+ Kg6 26. c4 b6
27. Bb2 Ba6 28. Rxg7+ Kf5 29. Rxd7 Bxc4 30. a3 Re8 31. h3 a6 32. g4+ Kg5 33.
Kh2 Re6 34. Kg3 h5 35. f4+ Kh6 36. g5+ Kg6 37. Be5 Bb5 38. Rg7+ Kf5 39. Kf3 Be8
40. h4 Bc6+ 1/2-1/2

[Event "ODJM B 2016"]
[Site "Willingen GER"]
[Date "2016.05.15"]
[Round "2"]
[White "Oberhofer, Marie"]
[Black "Grey, Andrea"]
[Result "1/2-1/2"]
[Termination "normal"]
[Board "2"]
[WhiteElo "1601"]
[BlackElo "1428"]
[PlyCount "81"]
[WhiteFideId "12938165"]
[BlackFideId "12971880"]
[EventCountry "GER"]
[EventRounds "9"]
[EventType "swiss"]
[EventDate "2016.05.14"]

1. e4 c5 2. Nf3 Nc6 3. d4 cxd4 4. Nxd4 g6 5. Nc3 Bg7 6. Be3 Nf6 7. Nxc6 bxc6 8.
e5 Ng8 9. f4 d6 10. Qf3 Qc7 11. exd6 exd6 12. Bd3 Nf6 13. O-O O-O 14. Nb5 Qd7
15. Nc3 Bb7 16. h3 Rfe8 17. f5 a6 18. Bg5 Rf8 19. Rab1 c5 20. Qf2 Qc6 21. Bxf6
Bxf6 22. Qd2 Rfe8 23. Rf3 c4 24. Bf1 Qc5+ 25. Rf2 Bd4 26. fxg6 hxg6 27. Rd1
Bxf2+ 28. Qxf2 Qc6 29. Rd4 Qb6 30. Bxc4 Re7 31. Bb3 Kg7 32. Kh2 Rae8 33. Qd2
Rd8 34. Rh4 Rh8 35. Rd4 Rd7 36. Qf4 Qc5 37. Rb4 Qe5 38. Ba4 Qxf4+ 39. Rxf4 Re7
40. Rd4 Rd8 41. Bb3 1/2-1/2

[Event "ODJM B 2016"]
[Site "Willingen GER"]
[Date "2016.05.15"]
[Round "2"]
[White "Schilay, Maria"]
[Black "Arnold, Leander"]
[Result "0-1"]
[Termination "normal"]
[Board "3"]
[WhiteElo "1210"]
[BlackElo "1618"]
[PlyCount "74"]
[WhiteFideId "12942979"]
[BlackFideId "12990230"]
[EventCountry "GER"]
[EventRounds "9"]
[EventType "swiss"]
[EventDate "2016.05.14"]

1. e4 e6 2. d4 d5 3. exd5 exd5 4. Nf3 Bd6 5. Bd3 Ne7 6. Be3 Nbc6 7. Nbd2 Bg4 8.
c3 h6 9. Qc2 Bh5 10. O-O-O Qd7 11. Rdg1 f5 12. g3 O-O-O 13. h3 g5 14. Bxf5 Qxf5
15. Qxf5+ Nxf5 16. g4 Nxe3 17. gxh5 Nf5 18. Re1 Rde8 19. Rxe8+ Rxe8 20. Kb1 Ng7
21. h4 g4 22. Nh2 Bxh2 23. Rxh2 Nxh5 24. Rg2 Rg8 25. Nf1 Nf4 26. Rg3 h5 27. f3
Re8 28. Nd2 Re3 29. Kc2 Ne7 30. Nf1 Rxf3 31. Rxf3 gxf3 32. Kd2 Nf5 33. Nh2 f2
34. a3 Kd7 35. b3 a5 36. Nf1 Kc6 37. Nh2 b5 0-1

[Event "ODJM B 2016"]
[Site "Willingen GER"]
[Date "2016.05.15"]
[Round "2"]
[White "Leib, Amina"]
[Black "Zeng, Xiaoyang-Alex"]
[Result "0-1"]
[Termination "normal"]
[Board "4"]
[WhiteElo "1510"]
[BlackElo "1357"]
[PlyCount "72"]
[WhiteFideId "12982970"]
[EventCountry "GER"]
[EventRounds "9"]
[EventType "swiss"]
[EventDate "2016.05.14"]

1. d4 Nf6 2. Nf3 g6 3. Bf4 Bg7 4. c4 d6 5. h3 O-O 6. Nc3 c5 7. e3 Nc6 8. d5 Nb8
9. Bd3 Qb6 10. Qc2 e6 11. dxe6 Bxe6 12. O-O Nc6 13. a3 Rfd8 14. e4 Rd7 15. Rfd1
Rad8 16. Be2 a6 17. Nd5 Bxd5 18. exd5 Ne7 19. Rab1 a5 20. Bd2 Qc7 21. b4 axb4
22. axb4 b6 23. Ra1 Re8 24. bxc5 bxc5 25. Rdb1 Nexd5 26. Ba5 Nb4 27. Bxb4 cxb4
28. Rxb4 Nd5 29. Rbb1 Bxa1 30. Rxa1 Nf4 31. Bd1 d5 32. Qb2 dxc4 33. Ba4 c3 34.
Qa3 Ra8 35. Qb4 c2 36. Qe1 Rxa4 0-1

[Event "ODJM B 2016"]
[Site "Willingen GER"]
[Date "2016.05.15"]
[Round "2"]
[White "Kolb, Verena"]
[Black "Unbehend, Marius"]
[Result "1-0"]
[Termination "normal"]
[Board "6"]
[WhiteElo "1650"]
[BlackElo "1311"]
[PlyCount "114"]
[WhiteFideId "12992313"]
[BlackFideId "16214420"]
[EventCountry "GER"]
[EventRounds "9"]
[EventType "swiss"]
[EventDate "2016.05.14"]

1. e4 e6 2. d4 d5 3. exd5 exd5 4. Bd3 Bd6 5. c3 Ne7 6. Ne2 Nbc6 7. Bf4 Be6 8.
Nd2 Qd7 9. Bxd6 Qxd6 10. Qc2 O-O-O 11. O-O-O g6 12. Nf3 Nf5 13. Ng5 Rde8 14.
Nxe6 fxe6 15. g3 Rhf8 16. Rhe1 e5 17. dxe5 Rxe5 18. Nf4 d4 19. Ne2 a5 20. f4
Rc5 21. Bxf5+ Rfxf5 22. Nxd4 Nxd4 23. Rxd4 Rfd5 24. Rxd5 Qxd5 25. Qe4 Qxe4 26.
Rxe4 Rh5 27. Re2 Rf5 28. Kc2 Kd7 29. Kd3 h5 30. Re5 b6 31. Rxf5 gxf5 32. Kd4
Kd6 33. Ke3 b5 34. h3 Ke6 35. Kf3 c5 36. g4 h4 37. g5 Kd5 38. Ke3 Ke6 39. Kd3
Kd5 40. b3 Ke6 41. a4 bxa4 42. bxa4 Kd5 43. g6 c4+ 44. Ke3 Ke6 45. Kd4 Kf6 46.
Kxc4 Kxg6 47. Kd5 Kf6 48. Kd6 Kf7 49. Kd7 Kf6 50. c4 Kf7 51. c5 Kf6 52. c6 Kf7
53. c7 Kf6 54. c8=Q Kg6 55. Ke7 Kh6 56. Kf7 Kh7 57. Qg8+ Kh6 1-0

[Event "ODJM B 2016"]
[Site "Willingen GER"]
[Date "2016.05.15"]
[Round "2"]
[White "von Pückler, Konstantin"]
[Black "Lilienthal, Niels Bennett"]
[Result "1/2-1/2"]
[Termination "normal"]
[Board "7"]
[WhiteElo "1327"]
[BlackElo "1558"]
[PlyCount "117"]
[WhiteFideId "16205847"]
[BlackFideId "16205421"]
[EventCountry "GER"]
[EventRounds "9"]
[EventType "swiss"]
[EventDate "2016.05.14"]

1. d4 Nf6 2. c4 e5 3. dxe5 Ng4 4. Nf3 Nc6 5. Nc3 Ngxe5 6. Nxe5 Nxe5 7. e4 Bb4
8. Qb3 Bxc3+ 9. Qxc3 Qf6 10. f4 Ng4 11. Qxf6 Nxf6 12. e5 Ng8 13. Bd3 f6 14. O-O
Ne7 15. exf6 gxf6 16. Re1 d6 17. f5 Bd7 18. Bf4 Kd8 19. Rad1 Bxf5 20. Bxf5 Nxf5
21. c5 Re8 22. Rxe8+ Kxe8 23. cxd6 cxd6 24. Rd5 Ne7 25. Rxd6 Rd8 26. Rxf6 Nd5
27. Rf5 Nxf4 28. Rxf4 Ke7 29. Re4+ Kf6 30. Kf2 Rd7 31. Ke2 Kf5 32. Re3 Rc7 33.
Rc3 Re7+ 34. Re3 Rc7 35. Rc3 Re7+ 36. Kf2 Kg4 37. Rg3+ Kf4 38. Rf3+ Kg4 39. h3+
Kh4 40. g3+ Kh5 41. Rf4 Rd7 42. Ke2 Re7+ 43. Kf2 Rd7 44. Kg2 Kg6 45. h4 Rd2+
46. Rf2 Rd4 47. Kh3 h5 48. Rc2 Rd7 49. Rc5 Rd2 50. Rb5 Rd7 51. Rg5+ Kh6 52. Ra5
a6 53. Ra3 Rd6 54. Rb3 b6 55. g4 hxg4+ 56. Kxg4 Rg6+ 57. Kh3 Kh5 58. Rg3 Rd6
59. Rg5+ 1/2-1/2

[Event "ODJM B 2016"]
[Site "Willingen GER"]
[Date "2016.05.15"]
[Round "2"]
[White "Frank, Carolin"]
[Black "Zell, Mirjam"]
[Result "1/2-1/2"]
[Termination "normal"]
[Board "8"]
[WhiteElo "1407"]
[BlackElo "1677"]
[PlyCount "99"]
[WhiteFideId "16207190"]
[BlackFideId "16208544"]
[EventCountry "GER"]
[EventRounds "9"]
[EventType "swiss"]
[EventDate "2016.05.14"]

1. Nf3 Nf6 2. g3 g6 3. Bg2 Bg7 4. O-O O-O 5. d4 d5 6. c4 c6 7. cxd5 cxd5 8. Nc3
Nc6 9. Ne5 e6 10. Bg5 Qb6 11. Nxc6 bxc6 12. Na4 Qc7 13. Bf4 Qd8 14. Rc1 Bd7 15.
Qb3 Nh5 16. Bd6 Re8 17. Rfd1 e5 18. dxe5 Bxe5 19. Bxe5 Rxe5 20. Bf3 Rc8 21. Nc5
Qc7 22. e4 Rd8 23. exd5 Qb6 24. Qxb6 axb6 25. Nxd7 Rxd7 26. dxc6 Rxd1+ 27. Rxd1
Rc5 28. Rd5 Rc1+ 29. Rd1 Rc5 30. b4 Rc4 31. Rd8+ Kg7 32. Rc8 Kf6 33. Rb8 Ke6
34. Rxb6 Kd6 35. b5 f5 36. Ra6 f4 37. g4 Nf6 38. b6 Nd5 39. Bxd5 Kxd5 40. c7
Kd6 41. b7+ Kxc7 42. Ra7 Kb8 43. Ra8+ Kxb7 44. Rh8 Rc7 45. Kg2 Kc6 46. Kf3 Rf7
47. Rc8+ Kd6 48. a4 Kd7 49. Rc2 g5 50. Rd2+ 1/2-1/2

[Event "ODJM B 2016"]
[Site "Willingen GER"]
[Date "2016.05.15"]
[Round "2"]
[White "Kreitmeier, Anika"]
[Black "Schranz, Patrick"]
[Result "1/2-1/2"]
[Termination "normal"]
[Board "9"]
[WhiteElo "1310"]
[BlackElo "1493"]
[PlyCount "50"]
[WhiteFideId "12991775"]
[BlackFideId "12987298"]
[EventCountry "GER"]
[EventRounds "9"]
[EventType "swiss"]
[EventDate "2016.05.14"]

1. e4 e5 2. Nf3 Nc6 3. d4 exd4 4. Nxd4 d5 5. Nxc6 bxc6 6. exd5 Qxd5 7. Nc3 Bb4
8. Bd2 Qe6+ 9. Be2 Nf6 10. O-O O-O 11. Bf3 Bb7 12. Re1 Qd6 13. Re2 Rad8 14. Qe1
Ba6 15. Ne4 Bxd2 16. Rxd2 Qe5 17. Nxf6+ Qxf6 18. c3 g6 19. Qc1 c5 20. Qc2 Rfe8
21. Rxd8 Qxd8 22. Rd1 Qe7 23. h3 Bc8 24. Bc6 Rd8 25. Rxd8+ Qxd8 1/2-1/2

[Event "ODJM B 2016"]
[Site "Willingen GER"]
[Date "2016.05.15"]
[Round "2"]
[White "Giede, Anna-Blume"]
[Black "Feil, Alexander"]
[Result "1/2-1/2"]
[Termination "normal"]
[Board "10"]
[WhiteElo "1506"]
[BlackElo "1371"]
[PlyCount "42"]
[WhiteFideId "12921980"]
[BlackFideId "4002954"]
[EventCountry "GER"]
[EventRounds "9"]
[EventType "swiss"]
[EventDate "2016.05.14"]

1. d4 d5 2. Nc3 Nf6 3. Bf4 Bf5 4. Nb5 Na6 5. e3 e6 6. a3 c6 7. Nc3 h6 8. Bd3
Bd6 9. Bxd6 Qxd6 10. Bxf5 exf5 11. Nf3 Ne4 12. Ne5 O-O 13. O-O Nb8 14. Re1 Nd7
15. Nxd7 Qxd7 16. f3 Nxc3 17. bxc3 Rfe8 18. Qd3 Re7 19. e4 fxe4 20. fxe4 Rae8
21. e5 f6 1/2-1/2

[Event "ODJM B 2016"]
[Site "Willingen GER"]
[Date "2016.05.15"]
[Round "2"]
[White "Niemann, Leon"]
[Black "Haase, Dominik"]
[Result "1/2-1/2"]
[Termination "normal"]
[Board "11"]
[WhiteElo "1421"]
[BlackElo "1468"]
[PlyCount "82"]
[WhiteFideId "16218388"]
[BlackFideId "16208781"]
[EventCountry "GER"]
[EventRounds "9"]
[EventType "swiss"]
[EventDate "2016.05.14"]

1. c4 e6 2. d4 Nf6 3. Nc3 Bb4 4. a3 Bxc3+ 5. bxc3 b6 6. Bg5 Bb7 7. e3 d6 8. Nf3
Nbd7 9. Bd3 c5 10. O-O Qc7 11. Qe2 O-O 12. Rfb1 Ne4 13. Rb3 Ndf6 14. Bxf6 gxf6
15. Bxe4 Bxe4 16. Nd2 Bg6 17. f3 Kh8 18. e4 e5 19. d5 Rg8 20. g4 f5 21. exf5
Bxf5 22. h3 Qe7 23. Kh2 Bd7 24. Ne4 f5 25. Nf2 Rg7 26. Rg1 Rag8 27. Rg2 Qh4 28.
Rb1 e4 29. Rbg1 exf3 30. Qxf3 fxg4 31. Nxg4 Bxg4 32. Rxg4 Rxg4 33. Rxg4 Rxg4
34. Qxg4 Qf2+ 35. Qg2 Qf4+ 36. Qg3 Qxc4 37. Qxd6 Qe2+ 38. Kg3 Qe3+ 39. Kg4 Qe4+
40. Kg5 Qg2+ 41. Kf6 Qf3+ 1/2-1/2

[Event "ODJM B 2016"]
[Site "Willingen GER"]
[Date "2016.05.15"]
[Round "2"]
[White "Roth, Ludwig"]
[Black "Winterberg, Johanna"]
[Result "1-0"]
[Termination "normal"]
[Board "13"]
[WhiteElo "1291"]
[BlackElo "1755"]
[PlyCount "121"]
[WhiteFideId "12952621"]
[BlackFideId "12929344"]
[EventCountry "GER"]
[EventRounds "9"]
[EventType "swiss"]
[EventDate "2016.05.14"]

1. e4 c5 2. Nf3 Nc6 3. d4 cxd4 4. Nxd4 d6 5. Nc3 g6 6. Be3 Bg7 7. Qd2 Nf6 8. g3
O-O 9. O-O-O a6 10. g4 Qc7 11. h4 Nxd4 12. Bxd4 b5 13. a3 Bd7 14. h5 a5 15.
hxg6 fxg6 16. Bxb5 Bxb5 17. Nxb5 Qc4 18. Nc3 Rab8 19. g5 Nh5 20. Bxg7 Nxg7 21.
Qd5+ Qxd5 22. Rxd5 Ra8 23. Rd3 Ne6 24. Nd5 Rf7 25. Rg1 Nc5 26. Re3 Raf8 27. f4
Nd7 28. f5 gxf5 29. exf5 Re8 30. g6 hxg6 31. Rxg6+ Kf8 32. Reg3 Nf6 33. Nc7 Rc8
34. Ne6+ Ke8 35. Rg7 Nh5 36. Rxf7 Kxf7 37. Rg5 Nf6 38. Rg7+ Ke8 39. Rg3 Kd7 40.
Rb3 Nd5 41. Rb5 Ne3 42. Nd4 Rc4 43. Kd2 Ng4 44. Kd3 Rc5 45. Rxc5 dxc5 46. Nb3
Ne5+ 47. Ke4 Nc4 48. Nxc5+ Kd6 49. Nd3 Nd2+ 50. Kd4 Nf3+ 51. Ke3 Ne5 52. Ke4
Nc4 53. Kd4 Nb6 54. c4 Nd7 55. c5+ Kc7 56. b4 axb4 57. axb4 Nb8 58. Kd5 Kd7 59.
Ne5+ Kc7 60. b5 Kb7 61. Ke6 1-0

[Event "ODJM B 2016"]
[Site "Willingen GER"]
[Date "2016.05.15"]
[Round "2"]
[White "Wu, Erik"]
[Black "Bardorz, Stefan"]
[Result "1-0"]
[Termination "normal"]
[Board "14"]
[WhiteElo "1462"]
[BlackElo "1283"]
[PlyCount "27"]
[WhiteFideId "12977489"]
[BlackFideId "16245474"]
[EventCountry "GER"]
[EventRounds "9"]
[EventType "swiss"]
[EventDate "2016.05.14"]

1. e4 e5 2. Nf3 Nc6 3. Bc4 Nf6 4. Ng5 d5 5. exd5 Na5 6. Bb5+ c6 7. dxc6 bxc6 8.
Qf3 Bb7 9. Ba4 h6 10. Ne4 Nd5 11. Nbc3 Nc4 12. Nxd5 Qxd5 13. Nf6+ gxf6 14. Qxd5
1-0

[Event "ODJM B 2016"]
[Site "Willingen GER"]
[Date "2016.05.15"]
[Round "2"]
[White "Rautenberg, Jakob"]
[Black "Fromm, Marius"]
[Result "0-1"]
[Termination "normal"]
[Board "15"]
[WhiteElo "1704"]
[BlackElo "1596"]
[PlyCount "142"]
[WhiteFideId "16214749"]
[BlackFideId "12993190"]
[EventCountry "GER"]
[EventRounds "9"]
[EventType "swiss"]
[EventDate "2016.05.14"]

1. e4 c5 2. Nf3 d6 3. d4 cxd4 4. Nxd4 Nf6 5. Nc3 g6 6. Bc4 Bg7 7. O-O Nbd7 8.
Bg5 a6 9. Qe2 b5 10. Bb3 h6 11. Be3 Nc5 12. f3 Bb7 13. Rfd1 Nxb3 14. Nxb3 Qc7
15. Rab1 Rc8 16. a3 Kf8 17. Qf2 Nd7 18. Bd4 Kg8 19. Bxg7 Kxg7 20. Qd4+ f6 21.
Rbc1 Ne5 22. Nd5 Bxd5 23. Qxd5 Qb6+ 24. Qd4 Qxd4+ 25. Nxd4 Nc4 26. Rb1 Kf7 27.
c3 e5 28. Nc2 Ke6 29. Kf2 a5 30. Ne3 Nxe3 31. Kxe3 Rhd8 32. Rd5 Rc5 33. Rbd1
Rd7 34. g4 Rxd5 35. Rxd5 Rb7 36. h3 f5 37. Kd3 fxg4 38. hxg4 h5 39. gxh5 gxh5
40. Ke3 Kd7 41. Rd1 Kc6 42. Rh1 Rh7 43. Rh4 Kc5 44. b3 a4 45. bxa4 bxa4 46. Kd3
Rf7 47. Rh3 h4 48. Ke3 Rf4 49. Kd3 Kb5 50. c4+ Kc5 51. Kc3 Rf7 52. Kd3 Rf8 53.
Kc3 Rb8 54. Rxh4 Rb3+ 55. Kc2 Rxf3 56. Kb2 Kxc4 57. Rh2 Kd4 58. Rd2+ Kxe4 59.
Rxd6 Rb3+ 60. Ka2 Rc3 61. Kb2 Rd3 62. Ra6 Rd4 63. Kc2 Ke3 64. Rh6 Rc4+ 65. Kb2
e4 66. Rh3+ Kd4 67. Rh4 Kd3 68. Rh6 e3 69. Re6 e2 70. Re8 Re4 71. Rd8+ Ke3 0-1

[Event "ODJM B 2016"]
[Site "Willingen GER"]
[Date "2016.05.15"]
[Round "2"]
[White "Fuhrmann, Philipp"]
[Black "Ziegenfuß, Larissa"]
[Result "1/2-1/2"]
[Termination "normal"]
[Board "16"]
[WhiteElo "1459"]
[BlackElo "1526"]
[PlyCount "142"]
[WhiteFideId "16227557"]
[BlackFideId "12974722"]
[EventCountry "GER"]
[EventRounds "9"]
[EventType "swiss"]
[EventDate "2016.05.14"]

1. e4 c5 2. Nf3 e6 3. d4 cxd4 4. Nxd4 Nc6 5. Be3 Nf6 6. Nc3 Bb4 7. Bd3 Qa5 8.
Nde2 O-O 9. O-O d5 10. exd5 exd5 11. Bd2 d4 12. Nb1 Bxd2 13. Nxd2 Bg4 14. f3
Be6 15. Nb3 Qe5 16. Kh1 Nd5 17. Re1 Ne3 18. Qd2 Bxb3 19. axb3 Nd5 20. Bc4 Ndb4
21. Ng3 Qf6 22. c3 dxc3 23. bxc3 Rad8 24. Qe3 Nd5 25. Bxd5 Rxd5 26. Ne4 Qg6 27.
c4 Rd7 28. Nc5 Re7 29. Qd2 Rxe1+ 30. Qxe1 b6 31. Ne4 h6 32. Rd1 Rd8 33. Rxd8+
Nxd8 34. h3 Qe6 35. Qg3 Nc6 36. Kg1 f5 37. Nd2 Qd7 38. Qe1 Kf7 39. Kf2 Qd4+ 40.
Qe3 Qh4+ 41. Kf1 Qd4 42. Qxd4 Nxd4 43. Kf2 Nc2 44. Ke2 Ke6 45. g3 Ke5 46. Kd3
Nb4+ 47. Kc3 Nc6 48. f4+ Kf6 49. Nf3 g5 50. fxg5+ hxg5 51. b4 Ne5 52. Nd4 f4
53. g4 f3 54. Nf5 Ng6 55. Kd2 Ne5 56. c5 bxc5 57. bxc5 Ke6 58. c6 Nxc6 59. Ke3
Ne5 60. Nd4+ Kd5 61. Nb3 Kc4 62. Nd2+ Kc3 63. Ne4+ Kc2 64. Nxg5 a5 65. Nxf3
Nxf3 66. Kxf3 a4 67. g5 a3 68. g6 a2 69. g7 a1=Q 70. g8=Q Qf1+ 71. Ke4 Qxh3
1/2-1/2

[Event "ODJM B 2016"]
[Site "Willingen GER"]
[Date "2016.05.15"]
[Round "2"]
[White "Klugstedt, Vincent"]
[Black "Rapp, Lukas"]
[Result "0-1"]
[Termination "normal"]
[Board "17"]
[WhiteElo "1281"]
[BlackElo "1572"]
[PlyCount "52"]
[WhiteFideId "16216393"]
[BlackFideId "12989320"]
[EventCountry "GER"]
[EventRounds "9"]
[EventType "swiss"]
[EventDate "2016.05.14"]

1. d4 Nf6 2. c4 e6 3. Nc3 Bb4 4. Bd2 Bxc3 5. Bxc3 b6 6. Nf3 Bb7 7. e3 O-O 8.
Be2 d6 9. O-O Nbd7 10. Qc2 Ne4 11. b4 c5 12. bxc5 dxc5 13. Bb2 Qe7 14. Rfd1 f5
15. Nd2 Nxd2 16. Rxd2 Qh4 17. Rad1 Rf6 18. dxc5 Rh6 19. h3 Qg5 20. Bf1 Nxc5 21.
g3 Ne4 22. Re2 Nxg3 23. fxg3 Qxg3+ 24. Bg2 Rxh3 25. Kf1 Bxg2+ 26. Rxg2 Rh1+ 0-1

[Event "ODJM B 2016"]
[Site "Willingen GER"]
[Date "2016.05.15"]
[Round "2"]
[White "Zwecker, Conrad"]
[Black "Schiewe, Nadin"]
[Result "0-1"]
[Termination "normal"]
[Board "18"]
[WhiteElo "1430"]
[BlackElo "1292"]
[PlyCount "70"]
[WhiteFideId "12971391"]
[BlackFideId "16209079"]
[EventCountry "GER"]
[EventRounds "9"]
[EventType "swiss"]
[EventDate "2016.05.14"]

1. e4 d5 2. exd5 Qxd5 3. Nc3 Qa5 4. d4 c6 5. Bf4 Bf5 6. Bc4 Nd7 7. Nf3 Ngf6 8.
O-O e6 9. a3 Ne4 10. Nxe4 Bxe4 11. Re1 Qf5 12. Qd2 Bxf3 13. gxf3 Be7 14. Bg3
O-O 15. Kg2 Qg6 16. Re4 b5 17. Bb3 c5 18. c4 f5 19. Re3 Bg5 20. cxb5 Bxe3 21.
Qxe3 Rae8 22. Re1 Rf6 23. dxc5 f4 24. Qd4 Nf8 25. c6 fxg3 26. fxg3 Qf5 27. Re3
Qxb5 28. c7 Qb6 29. Rxe6 Nxe6 30. Qd7 Qxb3 31. Qxe8+ Rf8 32. c8=Q Qxf3+ 33. Kh3
Nf4+ 34. Kh4 Ng6+ 35. Kh3 Qh5+ 0-1

[Event "ODJM B 2016"]
[Site "Willingen GER"]
[Date "2016.05.15"]
[Round "2"]
[White "Götz, Timon"]
[Black "Schulze, Lukas"]
[Result "1-0"]
[Termination "normal"]
[Board "19"]
[WhiteElo "1268"]
[BlackElo "1299"]
[PlyCount "143"]
[WhiteFideId "16245040"]
[BlackFideId "12956856"]
[EventCountry "GER"]
[EventRounds "9"]
[EventType "swiss"]
[EventDate "2016.05.14"]

1. c4 Nf6 2. e3 d5 3. cxd5 Nxd5 4. d3 e5 5. a3 Bc5 6. Qc2 Nd7 7. Nd2 O-O 8.
Ngf3 Re8 9. b3 Qe7 10. Be2 b6 11. Bb2 Bb7 12. O-O N5f6 13. Nc4 e4 14. Nfd2 Rad8
15. Rfd1 Qe6 16. Nf1 Qc6 17. d4 Bd6 18. Rac1 Be7 19. Qc3 Nd5 20. Qc2 Qg6 21.
Ncd2 Bh4 22. Bc4 c6 23. Bxd5 cxd5 24. Qc7 Bc8 25. Qxa7 Re7 26. Qa8 Ree8 27.
Qxd5 Ne5 28. Qxe4 Qxe4 29. Nxe4 Ng4 30. Nfd2 Bb7 31. f3 Nxe3 32. a4 Nxd1 33.
Rxd1 f5 34. Nf2 Re2 35. g3 Bf6 36. Kf1 Re3 37. Nc4 Rxb3 38. Rd3 Rxd3 39. Nxd3
Bxf3 40. Nde5 Bxe5 41. dxe5 Bc6 42. Nxb6 Rb8 43. a5 Kf7 44. Kf2 Ke7 45. Ba3+
Ke6 46. Bd6 Rb7 47. Ke3 Ra7 48. Nc4 Bd5 49. Na3 Rxa5 50. Nc2 Ra2 51. Nd4+ Kf7
52. Nxf5 Rxh2 53. Ne7 Be6 54. Nc6 Bd7 55. Nd8+ Ke8 56. Nb7 Rg2 57. Kf4 g5+ 58.
Kxg5 Rxg3+ 59. Kh4 Rh3+ 60. Kg5 Rg3+ 61. Kh4 Rh3+ 62. Kg5 h6+ 63. Kf6 Rg3 64.
Nc5 Rf3+ 65. Kg6 Rh3 66. e6 Bb5 67. Kg7 Bc4 68. Kf6 Rf3+ 69. Ke5 Rg3 70. Ne4
Rh3 71. Nf6+ Kd8 72. e7+ 1-0

[Event "ODJM B 2016"]
[Site "Willingen GER"]
[Date "2016.05.15"]
[Round "2"]
[White "Leimbach, Tim Vincent"]
[Black "Trams, Emma Joe"]
[Result "1-0"]
[Termination "normal"]
[Board "20"]
[WhiteElo "1640"]
[BlackElo "1360"]
[PlyCount "97"]
[WhiteFideId "12988600"]
[BlackFideId "16206517"]
[EventCountry "GER"]
[EventRounds "9"]
[EventType "swiss"]
[EventDate "2016.05.14"]

1. Nc3 e5 2. Nf3 Nc6 3. d4 exd4 4. Nxd4 Bb4 5. Nxc6 bxc6 6. Qd4 Bxc3+ 7. Qxc3
Nf6 8. Bg5 O-O 9. Bxf6 Qxf6 10. Qxf6 gxf6 11. O-O-O d6 12. g3 Rb8 13. Bg2 c5
14. e3 Bf5 15. b3 Rb6 16. Rhe1 Ra6 17. Kb2 Rb8 18. e4 Be6 19. f4 c4 20. f5 Bd7
21. Bf1 Rc6 22. Rd5 cxb3 23. axb3 Rcb6 24. Ra5 Ra8 25. Rea1 Rb7 26. Bg2 Bc6 27.
Kc3 Kf8 28. R1a3 Ke7 29. Kd4 Kd7 30. Bf1 Re8 31. Bd3 Ra8 32. c4 Kd8 33. Bc2 Bd7
34. Kd5 c6+ 35. Kxd6 Rc7 36. Kc5 Bc8 37. Ra1 Ke7 38. Rd1 a6 39. Raa1 Rb8 40.
Rd6 Bd7 41. Rxa6 Rbc8 42. Ra1 Rb8 43. e5 fxe5 44. f6+ Kf8 45. Re1 Re8 46. Kb6
Rec8 47. Rxe5 Be8 48. Bf5 Bd7 49. Rxd7 1-0

[Event "ODJM B 2016"]
[Site "Willingen GER"]
[Date "2016.05.15"]
[Round "2"]
[White "Tran, Minh Dat"]
[Black "Knerr, Sebastian"]
[Result "1/2-1/2"]
[Termination "normal"]
[Board "21"]
[WhiteElo "1258"]
[BlackElo "1418"]
[PlyCount "46"]
[WhiteFideId "16244702"]
[BlackFideId "16266013"]
[EventCountry "GER"]
[EventRounds "9"]
[EventType "swiss"]
[EventDate "2016.05.14"]

1. e4 e5 2. Nf3 Nf6 3. Nxe5 d6 4. Nf3 Nxe4 5. Nc3 Nxc3 6. dxc3 Bg4 7. Be2 Nc6
8. Bf4 Be7 9. h3 Bh5 10. Qd2 Qd7 11. O-O-O Bxf3 12. Bxf3 O-O 13. Rhe1 Bf6 14.
Bg4 Qd8 15. Qd3 Ne5 16. Bxe5 Bxe5 17. Qf3 Qg5+ 18. Kb1 Qf6 19. Qxf6 Bxf6 20.
Rd3 Rfe8 21. Rde3 Kf8 22. Rxe8+ Rxe8 23. Rxe8+ Kxe8 1/2-1/2

[Event "ODJM B 2016"]
[Site "Willingen GER"]
[Date "2016.05.15"]
[Round "2"]
[White "Jahrke, Jonas"]
[Black "Winterberg, Martin"]
[Result "0-1"]
[Termination "normal"]
[Board "22"]
[WhiteElo "1526"]
[BlackElo "1046"]
[PlyCount "48"]
[WhiteFideId "12984353"]
[BlackFideId "16245091"]
[EventCountry "GER"]
[EventRounds "9"]
[EventType "swiss"]
[EventDate "2016.05.14"]

1. e4 e5 2. Nf3 Nc6 3. Bc4 Bc5 4. c3 Nf6 5. d4 exd4 6. e5 Nh5 7. Ng5 Nxe5 8.
Qxh5 Qe7 9. Be2 d3 10. O-O dxe2 11. Qxe2 O-O 12. Qh5 h6 13. Ne4 b6 14. Nxc5
Qxc5 15. Be3 Qd5 16. f4 Bb7 17. Qh3 Nc4 18. Bc1 Rfe8 19. b3 Re2 20. Qf3 Qc5+
21. Be3 Rxe3 22. Qf2 Re2 23. Qxc5 Rxg2+ 24. Kh1 Rg4+ 0-1

[Event "ODJM B 2016"]
[Site "Willingen GER"]
[Date "2016.05.15"]
[Round "2"]
[White "Seliokaite, Ana"]
[Black "Leßmann, Sönke"]
[Result "0-1"]
[Termination "normal"]
[Board "23"]
[WhiteElo "1138"]
[BlackElo "1408"]
[PlyCount "54"]
[WhiteFideId "16224817"]
[BlackFideId "16222520"]
[EventCountry "GER"]
[EventRounds "9"]
[EventType "swiss"]
[EventDate "2016.05.14"]

1. e4 e5 2. Nf3 Nc6 3. Bc4 Bc5 4. d4 Bxd4 5. Nxd4 Nxd4 6. O-O Nf6 7. c3 Nc6 8.
Bg5 h6 9. Bxf6 Qxf6 10. Qd2 d6 11. f4 Qe7 12. Na3 Be6 13. Bxe6 Qxe6 14. fxe5
Qxe5 15. Nc4 Qc5+ 16. Ne3 Ne5 17. Kh1 O-O 18. b4 Qc6 19. Nd5 Qd7 20. Qe3 Ng6
21. Qg3 c6 22. Nf4 Nxf4 23. Rxf4 Kh7 24. Qd3 Kh8 25. Rh4 Qe6 26. Qd4 Rfe8 27.
Rxh6+ Qxh6 0-1

[Event "ODJM B 2016"]
[Site "Willingen GER"]
[Date "2016.05.15"]
[Round "2"]
[White "Zeng, Jiakang-Felix"]
[Black "Grone, Lion"]
[Result "0-1"]
[Termination "normal"]
[Board "25"]
[WhiteElo "800"]
[BlackElo "1392"]
[PlyCount "88"]
[BlackFideId "16245032"]
[EventCountry "GER"]
[EventRounds "9"]
[EventType "swiss"]
[EventDate "2016.05.14"]

1. e4 e6 2. Nf3 c5 3. Bc4 a6 4. c3 d5 5. exd5 exd5 6. Bb3 Bg4 7. O-O Nc6 8. d4
cxd4 9. cxd4 h6 10. Be3 Nf6 11. Nbd2 Be7 12. h3 Bh5 13. Qc1 Rc8 14. Qd1 O-O 15.
Re1 Ne4 16. Bc2 Nxd2 17. Qxd2 Bb4 18. Qd3 Bg6 19. Qb3 Bxc2 20. Qxc2 Bxe1 21.
Rxe1 Nxd4 22. Qd1 Nc2 23. Re2 Nxe3 24. Rxe3 Qd6 25. Rd3 Rfd8 26. a3 b5 27. b4
Qc6 28. Kh2 Qc2 29. Qf1 Qc1 30. Rd1 Qxa3 31. Rd3 Qxb4 32. Rd4 Rc4 33. Qd1 Rxd4
34. Nxd4 Qd6+ 35. g3 b4 36. Qg4 Qf6 37. h4 Qxf2+ 38. Kh3 Qg1 39. Qf3 Qxd4 40.
Qe2 Qc4 41. Qf3 Re8 42. Kh2 Re2+ 43. Kh3 Qe4 44. Qh1 Qf5+ 0-1